Kraje które są w nato - Statystyki

Ogólne statystyki
  • Ten quiz został rozwiązany 84 razy
  • Średni wynik to 28 z 30
Statystyki odpowiedzi
Obrazkowy Odpowiedź % Poprawnych
albania
100%
belgia
100%
chorwacja
97%
czechy
96%
francja
96%
grecja
96%
hiszpania
96%
kanada
96%
niemcy
96%
polska
96%
portugalia
96%
dania
95%
estonia
95%
macedonia
95%
norwegia
95%
rumunia
95%
stany zjednoczone
95%
turcja
95%
wielka brytania
95%
holandia
92%
litwa
92%
słowacja
92%
węgry
92%
bułgaria
91%
słowenia
91%
łotwa
89%
czarnogóra
88%
islandia
87%
luksemburg
86%
włochy
72%
Nie znaleziono quizów pasujących do podanych kryteriów
Rozkład punktacji
Procent ludzi z każdym wynikiem
Percentyl według liczby udzielonych odpowiedzi
Twoja historia wyników
Nie rozwiązałeś tego quizu